Vitruvian Man Parodies Quiz Stats

 Plays Quiz Updated Dec 28, 2015

Also try: Mona Lisa Parodies
Challenge
Share
Tweet
Score 0/20 Timer 07:00
0 Plays Today
% Correct
Superman
99.9%
SpongeBob SquarePants
99.2%
Batman
98.7%
Spider-Man
97.3%
Mickey Mouse
97.2%
Captain America
96.2%
Mr. Potato Head
96.1%
Kermit the Frog
95.9%
Garfield
95.2%
Big Bird
92.2%
% Correct
Pikachu
90.8%
Chewbacca
90.4%
Iron Man
89.6%
Wonder Woman
83.9%
RoboCop
82%
Hellboy
79.6%
Bender Bending Rodríguez
76.7%
The Dude
72.6%
Deadpool
68.9%
King Leonidas
51.5%

You're not logged in!

Compare scores with friends on all Sporcle quizzes.
OR
Log In

You Might Also Like...

Show Comments

Extras

Top Quizzes Today


Score Distribution

Your Account Isn't Verified!

In order to create a playlist on Sporcle, you need to verify the email address you used during registration. Go to your Sporcle Settings to finish the process.

Report this User

Report this user for behavior that violates our Community Guidelines.

Details: